Elements and Pedagogy of Critical Thinking (Record no. 17156)

MARC details
000 -LEADER
fixed length control field 00368nam a22001337a 4500
008 - FIXED-LENGTH DATA ELEMENTS--GENERAL INFORMATION
fixed length control field 180906b xxu||||| |||| 00| 0 eng d
020 ## - INTERNATIONAL STANDARD BOOK NUMBER
International Standard Book Number 7968468017
050 ## - LIBRARY OF CONGRESS CALL NUMBER
Classification number LB1062
Item number .N36 2007 c.1
100 ## - MAIN ENTRY--PERSONAL NAME
Personal name Namwambah, Tom N.
245 ## - TITLE STATEMENT
Title Elements and Pedagogy of Critical Thinking
Statement of responsibility, etc. Tom N. Namwambah
260 ## - PUBLICATION, DISTRIBUTION, ETC. (IMPRINT)
Place of publication, distribution, etc. Nairobi
Name of publisher, distributor, etc. Dale
Date of publication, distribution, etc. 2007
300 ## - PHYSICAL DESCRIPTION
Extent 254p.
942 ## - ADDED ENTRY ELEMENTS (KOHA)
Source of classification or shelving scheme Library of Congress Classification
Koha item type General Collection
Holdings
Withdrawn status Lost status Source of classification or shelving scheme Not for loan Home library Current library Date acquired Cost, normal purchase price Total Checkouts Full call number Barcode Date last seen Price effective from Koha item type Date last checked out
    Library of Congress Classification   Kabarak, Main Campus Kabarak, Main Campus 06/09/2018 928.00   LB1062 .N36 2007 c.1 022134 06/09/2018 06/09/2018 General Collection  
    Library of Congress Classification   Kabarak, Main Campus Kabarak, Main Campus 06/09/2018 928.00 1 LB1062 .N36 2007 c.2 022135 08/03/2021 06/09/2018 General Collection 05/03/2021
    Library of Congress Classification   Kabarak, Main Campus Kabarak, Main Campus 06/09/2018 928.00   LB1062 .N36 2007 c.3 022136 06/09/2018 06/09/2018 General Collection  
    Library of Congress Classification   Kabarak, Main Campus Kabarak, Main Campus 06/09/2018 928.00   LB1062 .N36 2007 c.4 022137 06/09/2018 06/09/2018 General Collection  
    Library of Congress Classification   Kabarak, Main Campus Kabarak, Main Campus 06/09/2018 928.00 1 LB1062 .N36 2007 c.5 022132 05/03/2024 06/09/2018 General Collection 20/02/2024
Designed with assistance from East African Informatics Ltd